[Event "Andorra la Vella op"]
[Site "Andorra la Vella"]
[Date "1999.06.29"]
[Round "4"]
[White "Lalic, Bogdan"]
[Black "Cosma, Ioan"]
[Result "1-0"]
[WhiteElo "2549"]
[BlackElo "2475"]

1.e4 c5 2.Nf3 Nc6 3.d4 cxd4 4.Nxd4 Qc7 5.Nc3 e6 6.Be2 a6 7.O-O Nf6 8.Be3 Bb4
9.Na4 Be7 10.c4 Nxe4 11.c5 O-O 12.g3 Rb8 13.Bf3 f5 14.Bf4 Ne5 15.Nxf5 Bg5
16.Bxe4 Bxf4 17.Ne7+ Kh8 18.gxf4 Rxf4 19.f3  1-0

[Event "Andorra la Vella op"]
[Site "Andorra la Vella"]
[Date "1999.07.01"]
[Round "6"]
[White "Nataf, Igor Alexandre"]
[Black "Cosma, Elena Luminita"]
[Result "1/2-1/2"]
[WhiteElo "2481"]
[BlackElo "2365"]

1.e4 c5 2.Nf3 Nc6 3.d4 cxd4 4.Nxd4 Qc7 5.Nc3 e6 6.Be2 a6 7.O-O Nf6 8.Kh1 Nxd4
9.Qxd4 Bc5 10.Qd3 b5 11.f4 Bb7 12.Bf3 h5 13.e5 Ng4 14.Bxb7 Qxb7 15.Ne4 Be7
16.b3 Rc8 17.Bb2 Nh6 18.Qf3 Qb8 19.Rf2 Nf5 20.Rd1 h4 21.Rfd2 Rc7 22.Bd4 Qb7
23.c3 Qc6 24.b4 h3 25.g3 Nxd4 26.Rxd4 f5 27.exf6 gxf6 28.f5 exf5 29.Qxf5 Qe6
30.Qf3 Qxa2 31.R4d2 Qc4 32.Nd6+ Bxd6 33.Rxd6 Qxc3 34.Qa8+ Ke7 35.Qd5 Qe5
36.Rxd7+ Rxd7 37.Qxd7+ Kf8 38.Qb7 Qe7 39.Qc6 Qe5 40.Rd8+ Kf7 41.Qd7+ Kg6
42.Qg4+ Kf7 43.Qd7+  1/2-1/2

[Event "Swidnica op"]
[Site "Swidnica"]
[Date "1999.07.01"]
[Round "4"]
[White "Vokarev, Sergey"]
[Black "Poluljahov, Aleksandr"]
[Result "0-1"]
[WhiteElo "2462"]
[BlackElo "2566"]

1.e4 c5 2.Nf3 Nc6 3.d4 cxd4 4.Nxd4 Qc7 5.Nc3 e6 6.Be2 a6 7.O-O Nf6 8.Kh1 Nxd4
9.Qxd4 Bc5 10.Qd3 b5 11.f4 Bb7 12.Bf3 h5 13.e5 Ng4 14.Bxb7 Qxb7 15.Ne4 Rc8
16.b3 Nh6 17.Qf3 Qc6 18.Bb2 Nf5 19.c4 h4 20.Nxc5 Qxc5 21.Rf2 bxc4 22.Rc1 Qa5
23.bxc4 Rc6 24.Ba3 f6 25.exf6 gxf6 26.Rd1 Rxc4 27.Qa8+ Qd8 28.Qxa6 Qc8 29.Qb5 Ng3+
30.Kg1 Ne4 31.Re2 f5 32.Re3 Rg8 33.Re2 Qc7 34.Bb4 Rc1 35.Rxc1 Qxc1+ 36.Re1 Qb2
37.Re2 Qb1+ 38.Re1 Qxa2 39.Re2 Qb1+ 40.Re1 Qb2 41.Re2 Qc1+ 42.Be1 Qxf4 43.h3 Ng5
44.Bf2 Nxh3+ 45.Kf1 Ng5 46.Rc2 Ne4 47.Kg1 Qd6 48.Qe2 Rg4 49.Rc8+ Kf7  0-1

[Event "Ljubljana op 10th"]
[Site "Ljubljana"]
[Date "1999.07.02"]
[Round "8"]
[White "Sibarevic, Milenko"]
[Black "Kurajica, Bojan"]
[Result "0-1"]
[WhiteElo "2363"]
[BlackElo "2536"]

1.e4 c5 2.Nf3 Nc6 3.d4 cxd4 4.Nxd4 Qb6 5.Nb3 Nf6 6.Nc3 e6 7.Bd3 Be7 8.Be3 Qc7
9.f4 d6 10.O-O a6 11.Qf3 O-O 12.g4 Re8 13.g5 Nd7 14.a3 Bf8 15.Rad1 g6 16.h4 b5
17.Rd2 b4 18.axb4 Nxb4 19.h5 Bg7 20.Rh2 Nf8 21.e5 Bb7 22.exd6 Bxf3 23.dxc7 Bd5
24.Nxd5 Nxd5 25.Bd4 Nxc7 26.Bxg7 Kxg7 27.h6+ Kg8 28.Re2 Rab8 29.Re5 Red8
30.Ra1 Rxb3 31.cxb3 Rxd3 32.Rc1 Rd7 33.Ra5 e5 34.Rxe5 Nfe6 35.b4 Kf8 36.Kf2 Rd8
37.f5  0-1

[Event "EUCup99 (Women)"]
[Site "Nova Gorica"]
[Date "1999.07.03"]
[Round "5"]
[White "Lakos, Nikoletta"]
[Black "Mashinskaya, Iulia"]
[Result "1-0"]
[WhiteElo "2350"]
[BlackElo "2354"]

1.e4 c5 2.Nf3 Nc6 3.d4 cxd4 4.Nxd4 Qc7 5.Nc3 e6 6.Be3 a6 7.Bd3 Nf6 8.O-O Bd6
9.f4 Bc5 10.Nf5 Bxe3+ 11.Nxe3 d6 12.a4 O-O 13.Kh1 Rd8 14.Qe1 b6 15.Qh4 Bb7
16.Rf3 Rd7 17.Rg3 Qd8 18.Nc4 g6 19.Nxb6 Qxb6 20.Qxf6 Nb4 21.a5 Qc7 22.f5 exf5
23.exf5 Nxd3 24.Rxd3 Re8 25.Rf1 Qxa5 26.fxg6 fxg6 27.Rxd6 Rde7 28.Rd2 Qb4
29.Rdf2 Re1 30.h4 R1e3 31.Kg1 R3e6 32.Qf7+ Kh8 33.Qf4 Qb6 34.Kh2 Qxb2 35.Qd4+ Kg8
36.Rf7 Re5 37.Rd7  1-0

[Event "ISR-ch U18"]
[Site "Israel"]
[Date "1999.07.13"]
[Round "3"]
[White "Kundin, Alexander"]
[Black "Bar, Roman"]
[Result "1/2-1/2"]
[WhiteElo "2403"]
[BlackElo "2324"]

1.e4 c5 2.Nf3 Nc6 3.d4 cxd4 4.Nxd4 Qc7 5.Nc3 e6 6.g3 a6 7.Bg2 Nf6 8.O-O Bc5
9.Nb3 Ba7 10.Bg5 Ne5 11.Qe2 d6 12.Kh1 h6 13.Bxf6 gxf6 14.Rad1 Bd7 15.f4 Nc4
16.e5 dxe5 17.Ne4 Ke7 18.fxe5 f5 19.Qh5 Ne3 20.Nd6 Rh7 21.Qh4+ Kf8 22.Qb4 Kg8
23.Qxb7 Qxb7 24.Bxb7 Rb8 25.Bf3 Nxf1 26.Rxf1  1/2-1/2

[Event "Komercni Banka op"]
[Site "Pardubice"]
[Date "1999.07.16"]
[Round "1"]
[White "Votava, Jan"]
[Black "Mashinskaya, Iulia"]
[Result "1-0"]
[WhiteElo "2497"]
[BlackElo "2289"]

1.e4 c5 2.Nf3 Nc6 3.d4 cxd4 4.Nxd4 Qc7 5.Nb5 Qb8 6.c4 Nf6 7.N5c3 e6 8.f4 d6
9.Be2 Be7 10.Be3 b6 11.O-O Bb7 12.Nd2 O-O 13.Bf3 Re8 14.a3 Qc7 15.Rc1 Bf8
16.Bf2 g6 17.b4 Rac8 18.g4 Qb8 19.g5 Nd7 20.Bg2 Bg7 21.Nb3 f6 22.h4 fxg5
23.hxg5 Nf8 24.Qg4 Ne7 25.Nb5 Rcd8 26.Rfd1 a6 27.Nc3 Bc8 28.Qh4 Bd7 29.Rd3 e5
30.Nd5 Nxd5 31.exd5 Bf5 32.Rd2 exf4 33.Nd4 Bxd4 34.Bxd4 Nd7 35.Qxf4 Re7 36.Bb2 Rde8
37.Qd4 Re5 38.Qh4 Re3 39.Rc3 Qd8 40.Rxe3 Rxe3 41.Qd4 Re1+ 42.Kf2 Re5 43.Qf4 Re8
44.Re2 Rxe2+ 45.Kxe2 Qc7 46.Kd2 a5 47.Bf1 axb4 48.axb4 Qd8 49.Be2 Qe7 50.Qe3 Qd8
51.Kc3 Qa8 52.Bd3 Qf8 53.Bxf5 Qxf5 54.Qe6+ Qxe6 55.dxe6 Ne5 56.Kd4 Kf8 57.Kd5 Nd3
58.Kxd6  1-0

[Event "Paris-ch"]
[Site "Paris"]
[Date "1999.07.17"]
[Round "1"]
[White "Clarac, Jean Marie"]
[Black "Anastasian, Ashot"]
[Result "0-1"]
[WhiteElo "2156"]
[BlackElo "2545"]

1.e4 c5 2.Nf3 Nc6 3.d4 cxd4 4.Nxd4 Qb6 5.Nb3 Nf6 6.Nc3 e6 7.Be3 Qc7 8.a3 a6
9.f4 d6 10.Be2 b5 11.O-O Bb7 12.Kh1 Be7 13.Bf3 O-O 14.Qe1 b4 15.axb4 Nxb4
16.Qf2 Rac8 17.e5 dxe5 18.Bxb7 Qxb7  0-1

[Event "Komercni Banka op"]
[Site "Pardubice"]
[Date "1999.07.19"]
[Round "4"]
[White "Gorin, Leonid"]
[Black "Hracek, Zbynek"]
[Result "1/2-1/2"]
[WhiteElo "2388"]
[BlackElo "2629"]

1.e4 c5 2.Nf3 Nc6 3.d4 cxd4 4.Nxd4 Qc7 5.Nc3 e6 6.g3 a6 7.Bg2 Nf6 8.O-O d6
9.Re1 Rb8 10.Nxc6 bxc6 11.Na4 Be7 12.c4 Nd7 13.b3 c5 14.Bb2 O-O 15.Qe2 Ne5
16.Rad1 Bd7 17.Nc3 Nc6 18.Qd2 Nd4 19.Ne2 e5 20.Nc3 Bc6 21.f4 Bf6 22.Nd5 Bxd5
23.cxd5 a5 24.Bxd4 exd4 25.Bf1 a4 26.Bc4 Ra8 27.Re2 Qb8 28.Rde1 Bd8 29.Qd3 Ba5
30.Rf1 Bc7 31.Rfe1 Ba5 32.Rf1 Bc7 33.Rfe1 axb3 34.axb3 Re8 35.Kg2 g6 36.Qf3 Ra7
37.h4 Ba5 38.Rf1 Bd8  1/2-1/2

[Event "Paris-ch"]
[Site "Paris"]
[Date "1999.07.20"]
[Round "4"]
[White "Abergel, Thal"]
[Black "Louise, Gilles"]
[Result "1-0"]
[WhiteElo "2231"]
[BlackElo "2106"]

1.e4 c5 2.Nf3 Nc6 3.d4 cxd4 4.Nxd4 Qb6 5.Nb5 Nf6 6.Be3 Qd8 7.N1c3 d6 8.Nd4 e6
9.Bc4 a6 10.Bb3 Qc7 11.Qe2 Nd7 12.O-O-O Nxd4 13.Bxd4 Nc5 14.f4 Bd7 15.f5 Nxb3+
16.axb3 e5 17.Nd5 Qc6 18.Bc3 O-O-O 19.Ba5 Re8 20.Qf2 Qb5 21.b4 Bc6 22.Nb6+  1-0

[Event "Paris-ch"]
[Site "Paris"]
[Date "1999.07.22"]
[Round "6"]
[White "Blanchard, Guy"]
[Black "Clarac, Jean Marie"]
[Result "1-0"]
[WhiteElo "2059"]
[BlackElo "2156"]

1.e4 c5 2.Nf3 Nc6 3.d4 cxd4 4.Nxd4 Qb6 5.Nb5 Nf6 6.Be3 Qa5+ 7.Qd2 Nb4 8.c3 Nc6
9.f3 a6 10.b4 Qd8 11.Qf2 axb5 12.Bb6 Qxb6 13.Qxb6 e5 14.Bxb5 Be7 15.Bc4 O-O
16.O-O Rd8 17.Rd1 d5 18.exd5 Be6 19.Qxb7  1-0

[Event "Komercni Banka op"]
[Site "Pardubice"]
[Date "1999.07.24"]
[Round "9"]
[White "Dimitrov, Vladimir"]
[Black "Oral, Tomas"]
[Result "1-0"]
[WhiteElo "2464"]
[BlackElo "2541"]

1.e4 c5 2.Nf3 Nc6 3.d4 cxd4 4.Nxd4 Qc7 5.Nc3 e6 6.Be2 a6 7.O-O Nf6 8.Be3 Be7
9.Kh1 d6 10.f4 O-O 11.a4 Re8 12.Bf3 Rb8 13.g4 Nd7 14.Bg2 Bf8 15.g5 Nb4 16.Rf2 Nc5
17.Qh5 b6 18.Raf1 Bb7 19.Qh3 Rbd8 20.f5 exf5 21.exf5 Bxg2+ 22.Rxg2 g6 23.Bg1 Qb7
24.Rf4 Nd5 25.Rh4 h5 26.gxh6 Nxc3 27.fxg6 fxg6 28.Rg4 Kh7 29.Rxg6 Qe4 30.Rg4 Qd5
31.Rg5 Qe4 32.bxc3 Re5 33.c4 Ne6 34.Rxe5  1-0

[Event "Komercni Banka op"]
[Site "Pardubice"]
[Date "1999.07.24"]
[Round "9"]
[White "Groszpeter, Attila"]
[Black "Hracek, Zbynek"]
[Result "0-1"]
[WhiteElo "2480"]
[BlackElo "2629"]

1.e4 c5 2.Nf3 Nc6 3.d4 cxd4 4.Nxd4 Qc7 5.Nc3 e6 6.Be3 a6 7.Bd3 Nf6 8.O-O Ne5
9.Be2 b5 10.f4 Nc4 11.Bxc4 Qxc4 12.e5 Nd5 13.Nxd5 Qxd5 14.Qe2 Bb7 15.Rad1 Rc8
16.c3 Bc5 17.Nf5 Bxe3+ 18.Nxe3 Qc5 19.Qd2 O-O 20.Qd4 Qxd4 21.Rxd4 Bc6 22.Rd6 f6
23.exf6 gxf6 24.Nc2 a5 25.Nd4 Kf7 26.Rd1 Rfe8 27.Kf2 Rc7 28.Nxc6 dxc6 29.Rd7+ Re7
30.Rxc7 Rxc7 31.g4 Kg6 32.Kf3 h5 33.h3 hxg4+ 34.hxg4 Kf7 35.Ke4 Ke7 36.g5 Rc8
37.g6 Rh8 38.Rg1 f5+ 39.Ke5 Rd8  0-1

[Event "Korinthos op 3rd"]
[Site "Korinthos"]
[Date "1999.07.26"]
[Round "3"]
[White "Vuckovic, Bojan"]
[Black "Logothetis, Sotirios"]
[Result "0-1"]
[WhiteElo "2433"]
[BlackElo "2158"]

1.e4 c5 2.Nf3 Nc6 3.d4 cxd4 4.Nxd4 Qc7 5.Nc3 e6 6.Be2 a6 7.O-O Nf6 8.Kh1 Nxd4
9.Qxd4 Bc5 10.Qd3 b5 11.f4 Bb7 12.Bf3 h5 13.e5 Ng4 14.Bxb7 Qxb7 15.Ne4 Be7
16.b3 Nh6 17.Qf3 Rb8 18.Bb2 Nf5 19.Rac1 h4 20.c4 bxc4 21.Rxc4 O-O 22.Rfc1 Rfd8
23.Rc7 Qd5 24.R7c4 Rb6 25.Rd1 Qb7 26.Bc3 Rb5 27.Be1 Rd5 28.Rdc1 Qa8 29.Bf2 Rb5
30.Qg4 Nh6 31.Qh3 Nf5 32.Nd2 Qd5 33.Nf3 Ba3 34.Rg1 Rf8 35.Bxh4 Bc5 36.Re1 Rb4
37.Ng5 Rxc4 38.bxc4 Qxc4 39.Ne4 Rb8 40.Qg4 Kf8 41.Qh5 Ke8 42.Qh8+ Bf8 43.g4 Rb1  0-1

[Event "Aceimar op 6th"]
[Site "Mondariz Balneario"]
[Date "1999.07.30"]
[Round "4"]
[White "Baron Rodriguez, Jesus"]
[Black "Pogorelov, Ruslan"]
[Result "1-0"]
[WhiteElo "2409"]
[BlackElo "2489"]

1.e4 c5 2.Nf3 Nc6 3.d4 cxd4 4.Nxd4 Qc7 5.Be2 a6 6.O-O Nf6 7.Nc3 e6 8.Be3 Be7
9.f4 d6 10.Qe1 O-O 11.Qg3 Nxd4 12.Bxd4 b5 13.a3 Bb7 14.Rae1 Bc6 15.Kh1 Qb7
16.Bd3 b4 17.Nd1 g6 18.Nf2 Nh5 19.Qe3 Ng7 20.Ng4 f6 21.axb4 Qxb4 22.e5 fxe5
23.fxe5 Qb7 24.Qh3 h5 25.Nf6+ Bxf6 26.exf6 e5 27.fxg7 Rxf1+ 28.Rxf1 exd4
29.Qe6+  1-0

[Event "Korinthos op 3rd"]
[Site "Korinthos"]
[Date "1999.08.01"]
[Round "9"]
[White "Solak, Dragan"]
[Black "Miladinovic, Igor"]
[Result "1-0"]
[WhiteElo "2457"]
[BlackElo "2526"]

1.e4 c5 2.Nf3 Nc6 3.d4 cxd4 4.Nxd4 Qc7 5.Nc3 e6 6.g3 a6 7.Bg2 Nge7 8.Nde2 Ng6
9.O-O Bc5 10.Nf4 Nge5 11.Kh1 O-O 12.Nh5 Qd6 13.Qxd6 Bxd6 14.f4 Nc4 15.e5 Bb4
16.Ne4 d5 17.Nf2 Bd7 18.Nd3 Be7 19.b3 Na3 20.c3 Rfd8 21.g4 d4 22.c4 Nc2 23.Rb1 N6b4
24.Nxb4 Nxb4 25.a3 Nc2 26.Bxb7 Rab8 27.Be4 Nxa3 28.Bxa3 Bxa3 29.Rfd1 Be8
30.Ng3 a5 31.Ne2 Bc5 32.Nc1 Bb4 33.Ra1 g6 34.Kg2 Bc3 35.Ra2 Rdc8 36.Bd3 g5
37.Kg3 Rc5 38.h4 h6 39.hxg5 hxg5 40.Rh2 Kf8 41.Bc2 a4 42.Nd3 gxf4+ 43.Kxf4 Rcc8
44.bxa4 Rxc4 45.g5 Ba5 46.Rf1 Rbc8 47.Bb1 Bxa4 48.g6 fxg6 49.Kg5+ Kg7 50.Rfh1 Rg8
51.Rh7+ Kf8 52.Nb2 Bd8+ 53.Kh6 Rc3 54.Bd3 Be7 55.Rf1+ Ke8 56.Rff7 Bd8 57.Nc4 Rxc4
58.Bxc4 Ba5 59.Rf2 Bd7 60.Ra2 Bd8 61.Ra7 Bc6 62.Ra6 Bd7 63.Rxd7  1-0

[Event "MK Cafe Cup-B"]
[Site "Koszalin"]
[Date "1999.08.03"]
[Round "1"]
[White "Graf, Pawel"]
[Black "Hasangatin, Ramil"]
[Result "0-1"]
[WhiteElo "2163"]
[BlackElo "2449"]

1.e4 c5 2.Nf3 Nc6 3.d4 cxd4 4.Nxd4 Qc7 5.Nc3 e6 6.Be3 a6 7.Qd2 Nf6 8.a3 b5
9.Be2 Bb7 10.f3 Ne5 11.O-O Be7 12.g4 h6 13.Rf2 d5 14.exd5 Nxd5 15.Nxd5 Bxd5
16.b3 Rd8 17.a4 bxa4 18.Rxa4 O-O 19.Rxa6 Qb7 20.Qa5 Rd6 21.h3 Rxa6 22.Qxa6 Qb4
23.Qa1 Ra8 24.Qc1 Ra2 25.c3 Qa5 26.Rf1 Rxe2 27.Nxe2 Nxf3+ 28.Rxf3 Bxf3 29.Nd4 Bb7
30.c4 Qe5 31.Qe1 Qe4 32.Qg3  0-1

[Event "MK Cafe Cup-A"]
[Site "Koszalin"]
[Date "1999.08.03"]
[Round "1"]
[White "Antoniewski, Rafal"]
[Black "Gritsak, Orest"]
[Result "0-1"]
[WhiteElo "2417"]
[BlackElo "2550"]

1.e4 c5 2.Nf3 Nc6 3.d4 cxd4 4.Nxd4 Qc7 5.Nc3 e6 6.Be2 a6 7.O-O Nf6 8.Be3 Bb4
9.Na4 Be7 10.Nxc6 bxc6 11.Bd3 c5 12.c4 Bb7 13.Nc3 O-O 14.f4 d6 15.Qf3 Nd7
16.Qh3 Rfe8 17.f5 exf5 18.Qxf5 Bf6 19.Rac1 Ne5 20.Be2 Ng6 21.Bd3 Rab8 22.b3 Bxc3
23.Rxc3 Re5 24.Qg4 Rbe8 25.Bf4 Nxf4 26.Qxf4 R8e6 27.Bb1 Bxe4 28.Bxe4 Rxe4
29.Qf3 Qe7 30.Rd3 Rf6 31.Qd1 Rxf1+ 32.Kxf1 Qf6+ 33.Kg1 Qe5 34.Qf3 g6 35.Rxd6 Re1+
36.Kf2 Ra1 37.Rd1 Rxa2+ 38.Kg1 Re2 39.Rf1 Qe6 40.Qd5 Qe3+ 41.Kh1 Qf2 42.Qf3 Qxf3
43.gxf3 Rb2  0-1

[Event "MK Cafe Cup-B"]
[Site "Koszalin"]
[Date "1999.08.05"]
[Round "3"]
[White "Cherkasov, Nikolai"]
[Black "Hasangatin, Ramil"]
[Result "0-1"]
[WhiteElo "2324"]
[BlackElo "2449"]

1.e4 c5 2.Nf3 Nc6 3.d4 cxd4 4.Nxd4 Qc7 5.Nc3 e6 6.Be3 a6 7.Bd3 Nf6 8.Qe2 Bd6
9.h3 Be5 10.Nxc6 bxc6 11.O-O d5 12.f4 Bxc3 13.bxc3 dxe4 14.Bc4 c5 15.f5 exf5
16.Bf4 Qc6 17.Rad1 Be6 18.Rd6 Bxc4 19.Qxc4 Qb5 20.Re6+ Kf8 21.Qxb5 axb5 22.Re5 Nd7
23.Rxf5 Ke7 24.Rd5 Rhc8 25.Rfd1 Ra7 26.Kf2 Rc6 27.g4 Rca6 28.Ke3 Rxa2 29.Bd6+ Ke6
30.Kf4 Ra1 31.R1d2 Rf1+ 32.Kg5 Rf3 33.Kh4 e3  0-1

[Event "MK Cafe Cup-B"]
[Site "Koszalin"]
[Date "1999.08.06"]
[Round "4"]
[White "Szelag, Marcin"]
[Black "Beshukov, Sergei"]
[Result "0-1"]
[WhiteElo "2389"]
[BlackElo "2506"]

1.e4 c5 2.Nf3 Nc6 3.d4 cxd4 4.Nxd4 Qc7 5.Nc3 e6 6.Be2 a6 7.O-O Nf6 8.Kh1 Nxd4
9.Qxd4 Bc5 10.Qd3 b5 11.f4 Bb7 12.Bf3 h5 13.e5 Ng4 14.Bxb7 Qxb7 15.Ne4 Rc8
16.h3 Nh6 17.Be3 Be7 18.Bf2 Nf5 19.Rad1 h4 20.Rfe1 Rh6 21.Qf3 Qb8 22.Rd2 Rd8
23.Red1 Qc7 24.c3 f6 25.Nd6+ Bxd6 26.exd6 Qb8 27.a4 Rc8 28.axb5 Qxb5 29.b4 Kf7
30.Ra2 Rc6 31.Ra5 Qb8 32.Bc5 Qc8 33.Kh2 Rg6 34.Qh5 Qb7 35.Ra2 Qb5 36.Qh8 Qc4
37.Qd8 Rxc5 38.Qxd7+ Kg8 39.Qe8+ Kh7 40.bxc5 Qxa2 41.Qc6 Ne3 42.Rg1 Qf2 43.d7 Qxf4+
44.Kh1 Nf1 45.Qd6 e5 46.d8=Q Qh2+  0-1

[Event "Chania op 9th"]
[Site "Chania"]
[Date "1999.08.07"]
[Round "5"]
[White "Marjanovic, Slavoljub"]
[Black "Miladinovic, Igor"]
[Result "1/2-1/2"]
[WhiteElo "2508"]
[BlackElo "2526"]

1.e4 c5 2.Nf3 Nc6 3.d4 cxd4 4.Nxd4 Qc7 5.Nc3 e6 6.Be2 a6 7.O-O Nf6 8.Be3 Bb4
9.Na4 Be7 10.Nxc6 bxc6 11.Nb6 Rb8 12.Nxc8 Qxc8 13.Bd4 c5 14.Be5 Rb6 15.b3 Nxe4
16.Bxg7 Rg8 17.Be5 Bd6 18.f4 c4 19.Kh1 Bxe5 20.fxe5 Qc5 21.Qe1 Qxe5 22.Bxc4 Rd6
23.Bd3 f5 24.Qh4 Rg4 25.Qh5+ Kd8 26.Be2 Nf6 27.Qh6 Rg6 28.Qf8+ Kc7 29.Rae1 Ne4
30.Bh5 Nf2+ 31.Kg1 Nh3+ 32.Kh1 Nf2+ 33.Kg1 Nh3+ 34.Kh1 Nf2+  1/2-1/2

[Event "Chania op 9th"]
[Site "Chania"]
[Date "1999.08.07"]
[Round "5"]
[White "Dochev, Dimitar"]
[Black "Botsari Miladinovic, Anna Maria"]
[Result "0-1"]
[WhiteElo "2365"]
[BlackElo "2309"]

1.e4 c5 2.Nf3 Nc6 3.d4 cxd4 4.Nxd4 Qc7 5.Nc3 e6 6.g3 a6 7.Bg2 Nf6 8.O-O Bc5
9.Nxc6 dxc6 10.Na4 Ba7 11.c4 b5 12.e5 Nd7 13.cxb5 axb5 14.Nc3 Ba6 15.Re1 O-O
16.Bf4 Rfd8 17.Ne4 Nxe5 18.Qh5 f6 19.Bxe5 Qxe5 20.Qxe5 fxe5 21.b4 Bd4 22.Rac1 Bc8
23.Re2 Ra4 24.Rb1 Bd7 25.Rc2 Be8 26.Bh3 Bg6 27.Bxe6+ Kf8 28.Re2 Ke7 29.Bb3 Rxb4
30.Rbe1 Rf8 31.Rc1 Bxe4  0-1

[Event "MK Cafe Cup-B"]
[Site "Koszalin"]
[Date "1999.08.08"]
[Round "6"]
[White "Lukinov, Petr"]
[Black "Buturin, Vladimir"]
[Result "0-1"]
[WhiteElo "2303"]
[BlackElo "2388"]

1.e4 c5 2.Nf3 Nc6 3.d4 cxd4 4.Nxd4 Qc7 5.c4 Nf6 6.Nc3 Nxe4 7.Nxe4 Qe5 8.Bd3 Nxd4
9.O-O e6 10.Re1 Be7 11.c5 b6 12.Nd6+ Bxd6 13.Rxe5 Bxe5 14.Be4 Rb8 15.cxb6 Rxb6
16.Be3 Rd6 17.Qh5 Nf5 18.Bxf5 exf5 19.Qxf5 Re6 20.f4 Bxb2 21.Qc2 O-O 22.Rb1 Bf6
23.Bxa7 Ba6 24.Qa4 Bd3 25.Rd1 Ra6 26.Qb3 Bf5 27.Bc5 Rfa8 28.a3 h5 29.Qe3 Ra4
30.Bb4 g6 31.h3 Bb2 32.Re1 Bxa3 33.Bc3 Bb4 34.Bxb4 Rxb4 35.Qf3 Rab8 36.Re3 Rc4
37.g4 Rb2 38.Re2 Rxe2 39.Qxe2 Rc1+ 40.Kf2 Rc2  0-1

[Event "NED U20 op"]
[Site "Hengelo"]
[Date "1999.08.11"]
[Round "4"]
[White "Middelburg, Tom"]
[Black "Halkias, Stelios"]
[Result "0-1"]
[WhiteElo "2326"]
[BlackElo "2406"]

1.e4 c5 2.Nf3 Nc6 3.d4 cxd4 4.Nxd4 Qc7 5.Nc3 e6 6.Be2 a6 7.O-O Nf6 8.Be3 Bb4
9.Na4 Be7 10.Nxc6 bxc6 11.Nb6 Rb8 12.Nxc8 Qxc8 13.e5 Nd5 14.Bc1 Bc5 15.c4 Ne7
16.b3 Qc7 17.Bb2 O-O 18.Bd3 Ng6 19.Qh5 Qa5 20.Kh1 Qd2 21.Qe2 Qxe2 22.Bxe2 Nf4
23.Bf3 Nd3 24.Rab1 Nxf2+ 25.Kg1 Ne4+  0-1

[Event "MK Cafe Cup-A"]
[Site "Koszalin"]
[Date "1999.08.11"]
[Round "8"]
[White "Salmensuu, Olli"]
[Black "Oral, Tomas"]
[Result "0-1"]
[WhiteElo "2443"]
[BlackElo "2541"]

1.e4 c5 2.Nf3 Nc6 3.d4 cxd4 4.Nxd4 Qc7 5.Nc3 e6 6.g3 a6 7.Bg2 d6 8.O-O Be7
9.Re1 Bd7 10.a4 Nf6 11.b3 O-O 12.Bb2 Rac8 13.Nxc6 Bxc6 14.Qd3 Rfd8 15.Rac1 Nd7
16.Ne2 Bg5 17.f4 Bf6 18.Bxf6 Nxf6 19.Nd4 Qb6 20.Kh1 e5 21.Nxc6 Rxc6 22.Re2 Re8
23.Bh3 Qb4 24.c4 Rb6 25.Re3 Qc5 26.Rd1 Rb4 27.f5 b5 28.axb5 axb5 29.Rc1 bxc4
30.bxc4 Reb8 31.Ree1 Rb3 32.Qd2 h6 33.Bf1 Rb2 34.Rc2 Rb1 35.Rxb1 Rxb1 36.Qd3 Re1
37.Ra2 Ng4 38.Kg2 Ne3+ 39.Kh3 Nxf1 40.Qb3 Kh7 41.Qb8 Qg1 42.Rg2 Qe3 43.Ra2 Qxe4  0-1

[Event "MK Cafe Cup-B"]
[Site "Koszalin"]
[Date "1999.08.11"]
[Round "8"]
[White "Holmsten, Aleksei"]
[Black "Beshukov, Sergei"]
[Result "1-0"]
[WhiteElo "2380"]
[BlackElo "2506"]

1.e4 c5 2.Nf3 Nc6 3.d4 cxd4 4.Nxd4 Qc7 5.Nc3 e6 6.Be3 a6 7.Be2 Nf6 8.O-O Bb4
9.Na4 Bd6 10.Nxc6 bxc6 11.f4 Nxe4 12.Qd4 Nf6 13.Nb6 Rb8 14.Nxc8 Rxc8 15.Bxa6 Ra8
16.Be2 c5 17.Qd2 Nd5 18.a4 c4 19.Kh1 O-O 20.b3 c3 21.Qd4 Ra5 22.Bb5 f5 23.Rad1 Be7
24.Rf3 Rc8 25.Qd3 Bd6 26.g3 Be7 27.Bf2 Qb7 28.Kg2 Rc7 29.Bd4 Ra8 30.Qe2 Bf6
31.Bf2 g6 32.Kh3 Bg7 33.Rfd3 Kh8 34.Bd4 Bxd4 35.Rxd4 Rd8 36.Qe5+ Kg8 37.Bc4 Rxc4
38.bxc4 Nb4 39.Qxe6+ dxe6 40.Rxd8+ Kf7 41.R1d7+ Qxd7 42.Rxd7+  1-0

[Event "MK Cafe Cup-A"]
[Site "Koszalin"]
[Date "1999.08.13"]
[Round "10"]
[White "Salmensuu, Olli"]
[Black "Skripchenko, Almira"]
[Result "1-0"]
[WhiteElo "2443"]
[BlackElo "2456"]

1.e4 c5 2.Nf3 Nc6 3.d4 cxd4 4.Nxd4 Qc7 5.Nc3 e6 6.Be3 a6 7.Qd2 Nf6 8.f3 b5
9.O-O-O b4 10.Na4 Ne5 11.Kb1 d5 12.Bf4 Bd6 13.exd5 Nxd5 14.Nf5 Bd7 15.Nxd6+ Qxd6
16.Nb6 Qxb6 17.Bxe5 f6 18.Bd4 Qc7 19.Bd3 Rb8 20.Ka1 Kf7 21.g3 h6 22.f4 Rhd8
23.Qe2 Bb5 24.Rhe1 Qe7 25.Qh5+ Kf8 26.Bf5 Bd7 27.Qh3 Nc7 28.g4 Nb5 29.Bf2 Bc6
30.Rxd8+ Rxd8 31.Bd3 Nd4 32.g5 fxg5 33.fxg5 Nf5 34.gxh6 Nxh6 35.Bh4 g5 36.Rxe6 Qc5
37.Bf2  1-0

[Event "MK Cafe Cup-B"]
[Site "Koszalin"]
[Date "1999.08.13"]
[Round "10"]
[White "Heberla, Bartlomiej"]
[Black "Neverov, Valeriy"]
[Result "0-1"]
[WhiteElo "2223"]
[BlackElo "2549"]

1.e4 c5 2.Nf3 Nc6 3.d4 cxd4 4.Nxd4 Qb6 5.Nb3 Nf6 6.Nc3 e6 7.Bd3 Be7 8.Be3 Qc7
9.f4 d6 10.Qf3 a6 11.O-O O-O 12.g4 Nd7 13.g5 b5 14.Qh3 Re8 15.a4 b4 16.Ne2 Bf8
17.Ng3 g6 18.Rae1 Bb7 19.f5 Nce5 20.f6 d5 21.Rf4 h6 22.gxh6 Kh7 23.exd5 Nxd3
24.cxd3 exd5 25.Nd4 Rxe3 26.Rxe3 Qxf4 27.Qxd7 Qxe3+ 28.Kg2 Qxd4 29.Qxf7+ Kxh6
30.Qxb7 Ra7 31.Qc8 Qxf6 32.Qh3+ Kg7 33.Qg4 Kg8  0-1

[Event "Ikaros op"]
[Site "Ikaros"]
[Date "1999.08.17"]
[Round "4"]
[White "Kofidis, Andreas"]
[Black "Managadze, Nikoloz"]
[Result "0-1"]
[WhiteElo "2383"]
[BlackElo "2437"]

1.e4 c5 2.Nf3 Nc6 3.d4 cxd4 4.Nxd4 Qb6 5.Nb3 Nf6 6.Nc3 e6 7.Bd3 d6 8.O-O Be7
9.Kh1 a6 10.f4 Qc7 11.Bd2 b5 12.a3 Bb7 13.Qf3 O-O 14.Rae1 Rfe8 15.Qg3 g6
16.f5 Ne5 17.fxe6 fxe6 18.Nd4 Bd8 19.Qh3 Nxd3 20.cxd3 Qd7 21.Bg5 Nh5 22.Qg4 Qg7
23.Nc2 Bxg5 24.Qxg5 e5 25.g3 Rf8 26.Ne3 Rxf1+ 27.Rxf1 Rf8 28.Rxf8+ Qxf8 29.Kg2 Nf6
30.Ng4 Nxg4 31.Qxg4 Bc8 32.Qf3 Qh6 33.Nd5 Qd2+ 34.Kg1 Bh3 35.Nf6+ Kh8  0-1

[Event "Polanica Zdroj op"]
[Site "Polanica Zdroj"]
[Date "1999.08.17"]
[Round "1"]
[White "Bielinski, Dariusz"]
[Black "Beshukov, Sergei"]
[Result "1/2-1/2"]
[WhiteElo "2232"]
[BlackElo "2506"]

1.e4 c5 2.Nf3 Nc6 3.d4 cxd4 4.Nxd4 Qc7 5.Nc3 e6 6.g3 a6 7.Bg2 d6 8.O-O Bd7
9.a4 Nf6 10.Kh1 Be7 11.f4 O-O 12.Nb3 b6 13.Be3 Na5 14.e5 dxe5 15.fxe5 Nd5
16.Nxd5 exd5 17.Nxa5 bxa5 18.Qxd5 Rac8 19.Bb6 Qxb6 20.Qxd7 Rc7 21.Qf5 g6
22.Qd3 Qxb2 23.c4 Qxe5 24.Rae1 Qg5 25.Bd5 Bb4 26.Re2 Re7 27.Rxe7 Qxe7 28.Qd4 Bc5
29.Qc3 Bb4 30.Qf6 Qa7 31.h4 Qe7 32.Kg2 Bc5 33.Kh3 Bb4 34.Rf3 Bc5 35.g4 Bb4
36.h5 Qxf6 37.Rxf6 Kg7 38.Rxa6 f5 39.gxf5 Rxf5 40.Ra7+ Kh6 41.hxg6 hxg6 42.Kg4  1/2-1/2

[Event "Budapest FS08 GM"]
[Site "Budapest"]
[Date "1999.08.19"]
[Round "13"]
[White "Arnold, Lothar"]
[Black "Skytte, Rasmus"]
[Result "0-1"]
[WhiteElo "2362"]
[BlackElo "2338"]

1.e4 c5 2.Nf3 Nc6 3.d4 cxd4 4.Nxd4 Qc7 5.Nc3 e6 6.Be2 a6 7.O-O Nf6 8.Be3 Bb4
9.Na4 O-O 10.Nxc6 bxc6 11.Nb6 Rb8 12.Nxc8 Rfxc8 13.Bxa6 Rd8 14.Bd3 d5 15.exd5 Rxd5
16.Rb1 Bd6 17.h3 Be5 18.b3 Ne4 19.c4 Rd7 20.Qc2 Nc3 21.Rbe1 h6 22.Bh7+ Kh8
23.Be4 Rbd8 24.Bc1 c5 25.Bf3 Bf6 26.Kh1 Rd3 27.Bd5 Rxh3+ 28.gxh3 exd5 29.cxd5 Nxd5
30.Qf5 c4 31.bxc4 Qxc4 32.a3 Ne7 33.Qe4 Rd4 34.Qa8+ Kh7 35.Qf3 Ng6 36.Qf5 Rd3
37.Rg1 Qc3 38.Re3 Qc6+ 39.Kh2 Rd5 40.Qe4 Qc7+ 41.Kh1 Rd4 42.Qa8 Qc2 43.Reg3 Be5
44.Re3 Rh4 45.Rf3 Qc7 46.Qd5 Qc8 47.Qd3 Qc6 48.Kg2  0-1

[Event "ESP-ch"]
[Site "Palencia"]
[Date "1999.08.19"]
[Round "1"]
[White "Serra Olives, Tomas"]
[Black "Magem Badals, Jorge"]
[Result "0-1"]
[WhiteElo "2218"]
[BlackElo "2528"]

1.e4 c5 2.Nf3 Nc6 3.d4 cxd4 4.Nxd4 Qc7 5.c4 Qe5 6.Be3 Qxe4 7.Nc3 Qe5 8.Be2 e6
9.Qd2 Nf6 10.Ndb5 Qb8 11.Bf4 e5 12.Bg5 a6 13.Na3 Be7 14.Nc2 O-O 15.Bd3 d6
16.Nd5 Nxd5 17.cxd5 Bxg5 18.Qxg5 h6 19.Qh4 Nd8 20.g4 f5 21.gxf5 Bxf5 22.Bxf5 Rxf5
23.Ne3 Rf4 24.Qe7 Nf7 25.Rc1 Ng5 26.Qc7 Nf3+ 27.Kf1 Qf8 28.Nd1 Qf5 29.Qxd6 Qd3+
30.Kg2 Nh4+  0-1

[Event "Polanica Zdroj op"]
[Site "Polanica Zdroj"]
[Date "1999.08.20"]
[Round "4"]
[White "Jakubiec, Artur"]
[Black "Poluljahov, Aleksandr"]
[Result "1-0"]
[WhiteElo "2453"]
[BlackElo "2554"]

1.e4 c5 2.Nf3 Nc6 3.d4 cxd4 4.Nxd4 Qc7 5.Nb5 Qb8 6.Be3 Nf6 7.Bd3 e6 8.f4 a6
9.N5c3 d6 10.O-O b5 11.Kh1 Bb7 12.Nd2 Be7 13.Qe2 O-O 14.Rf3 Nb4 15.Rh3 Nxd3
16.cxd3 Re8 17.Nb3 Bf8 18.Rf1 g6 19.e5 Nd7 20.Qf2 Bg7 21.Ne4 Bxe4 22.dxe4 dxe5
23.f5 exf5 24.exf5 Qd6 25.Qh4 h5 26.g4 Nf6 27.gxh5 Nxh5 28.Nc5 e4 29.b4 Re5
30.Qg5 Qf6 31.Qg4 Qc6 32.Qg2 Kh7 33.Bd4 Rae8 34.Bxe5 Rxe5 35.Nd3 Re8 36.Qg4 Kg8
37.Qg2 Qd7 38.Rxh5 Qxd3 39.fxg6 fxg6 40.Qxg6 Qd7 41.Qg2  1-0